Cơ sở hóa học hữu cơ

Trình bày về danh pháp, phương pháp tổng hợp, cấu trúc, tính chất vật lý và hoá học của dẫn xuất halogen, các hợp chất cơ nguyên tố, ancol, phenol, ete, hợp chất oxo, axit cacboxylic và dẫn xuất..

Spremljeno u:
Bibliografski detalji
Glavni autor: Thái Doãn Tĩnh
Format: Knjiga
Jezik:Undetermined
Izdano: Hà Nội Khoa học và Kỹ thuật 2003
Teme:
Oznake: Dodaj oznaku
Bez oznaka, Budi prvi tko označuje ovaj zapis!
Thư viện lưu trữ: Trung tâm Học liệu Trường Đại học Cần Thơ
LEADER 00838nam a2200205Ia 4500
001 CTU_59996
008 210402s9999 xx 000 0 und d
020 |b 64000 
082 |a 547 
082 |b T312/T.2 
100 |a Thái Doãn Tĩnh 
245 0 |a Cơ sở hóa học hữu cơ 
245 0 |c Thái Doãn Tĩnh 
260 |a Hà Nội 
260 |b Khoa học và Kỹ thuật 
260 |c 2003 
520 |a Trình bày về danh pháp, phương pháp tổng hợp, cấu trúc, tính chất vật lý và hoá học của dẫn xuất halogen, các hợp chất cơ nguyên tố, ancol, phenol, ete, hợp chất oxo, axit cacboxylic và dẫn xuất.. 
650 |a Chemistry, organic 
904 |i minh 
980 |a Trung tâm Học liệu Trường Đại học Cần Thơ